High-speed marine craft : (Record no. 27173)
[ view plain ]
| 000 -LEADER | |
|---|---|
| fixed length control field | 01834nam a2200277 i 4500 |
| 006 - FIXED-LENGTH DATA ELEMENTS--ADDITIONAL MATERIAL CHARACTERISTICS--GENERAL INFORMATION | |
| fixed length control field | m|||||o||d|||||||| |
| 007 - PHYSICAL DESCRIPTION FIXED FIELD--GENERAL INFORMATION | |
| fixed length control field | cr|||||||||||| |
| 008 - FIXED-LENGTH DATA ELEMENTS--GENERAL INFORMATION | |
| fixed length control field | 140530s2015||||enk o ||1 0|eng|d |
| 020 ## - INTERNATIONAL STANDARD BOOK NUMBER | |
| International Standard Book Number | 9781316106716 (ebook) |
| Qualifying information (R) | Online Resource |
| 040 ## - CATALOGING SOURCE | |
| Original cataloging agency | UkCbUP |
| Language of cataloging | eng |
| Description conventions | rda |
| 082 00 - DEWEY DECIMAL CLASSIFICATION NUMBER | |
| Classification number | 623.825 |
| Edition number | 23 |
| 100 1# - MAIN ENTRY--PERSONAL NAME | |
| Personal name | Mantle, Peter J., |
| 245 10 - TITLE STATEMENT | |
| Title | High-speed marine craft : |
| Remainder of title | one hundred knots at sea / |
| 260 ## - PUBLICATION, DISTRIBUTION, ETC. (IMPRINT) | |
| Place of publication, distribution, etc | London |
| Name of publisher, distributor, etc | Cambridge University Press |
| Date of publication, distribution, etc | 2015 |
| 300 ## - PHYSICAL DESCRIPTION | |
| Extent | 1 online resource (xxii, 604 pages) : |
| Other physical details | digital, PDF file(s). |
| 500 ## - GENERAL NOTE | |
| General note | Title from publisher's bibliographic system (viewed on 05 Oct 2015). |
| 520 ## - SUMMARY, ETC. | |
| Summary, etc | This book details the efforts to build a large naval vessel capable of traveling at one hundred knots. It is the first book to summarize this extensive work from historical and technical perspectives. It explores the unique principles and challenges in the design of high-speed marine craft. This volume explores different hull form concepts, requiring an understanding of the four forces affecting the lift and the drag of the craft. The four forces covered are hydrostatic (buoyancy), hydro-dynamic, aerostatic, and aerodynamic. This text will appeal to naval researchers, architects, graduate students and historians, as well as others generally interested in naval architecture and propulsion. |
| 650 #0 - SUBJECT ADDED ENTRY--TOPICAL TERM | |
| Topical term or geographic name as entry element | Warships |
| General subdivision | Design and construction |
| -- | History |
| Chronological subdivision | 21st century. |
| Topical term or geographic name as entry element | Warships |
| General subdivision | Design and construction |
| -- | History |
| Chronological subdivision | 20thcentury. |
| Topical term or geographic name as entry element | Warships |
| General subdivision | Technological innovations |
| Geographic subdivision | United States. |
| Topical term or geographic name as entry element | Ground-effect machines |
| Geographic subdivision | United States |
| General subdivision | Design and construction. |
| Topical term or geographic name as entry element | Hydrofoil boats |
| Geographic subdivision | United States |
| General subdivision | Design and construction. |
| 776 08 - ADDITIONAL PHYSICAL FORM ENTRY | |
| Display text | Print version: |
| International Standard Book Number | 9781107090415 |
| 856 40 - ELECTRONIC LOCATION AND ACCESS | |
| Uniform Resource Identifier | <a href="https://doi.org/10.1017/CBO9781316106716">https://doi.org/10.1017/CBO9781316106716</a> |
| 942 ## - ADDED ENTRY ELEMENTS (KOHA) | |
| Source of classification or shelving scheme | |
| Item type | E-Book |
No items available.